00247nam a2200085Ia 4500008004100000041000800041100001300049245004600062260005300108231107s1999 xx 000 0 und d aeng aBarry R. aThe Construction of Building Vol.IVth ed. aNew DelhibAffiliated East West Press Ltd.c1999